000 01101naa a22003017a 4500
001 BR8704607
003 BR-BrBNA
005 20240918175830.0
007 ta
008 230509b bl.||||| |||| 00| 0 por d
040 _aBR-BrBNA
_bpor
_cBiblioteca Nacional de Agricultura
041 _a(Pt)
072 _aF01
_b1930
_bG514
090 _aF01 BR8704607
100 1 _aMartins, R.P.
100 1 _aHenriques, C.C.
100 1 _aCruz, J.R.F.
111 1 _a3. Seminario de Pesquisa Agropecuaria do Piaui
_cTeresina, PI (Brazil)
_d5-8 Oct 1982
245 1 _aExperimento de introducao de plantas forrageiras nativas e exoticas no Estado do Piaui
260 3 _aTeresina, PI (Brasil):
_c1984.
500 _aAnais do 3. Seminario de Pesquisa Agropecuaria do Piaui Teresina, PI (Brasil): 1984. p. 276-296 (BR8704607-AM)F01
650 _aPLANTA FORRAGEIRA
650 _aPLANTA EXOTICA
650 _aPIAUI
773 0 _tAnais do 3. Seminario de Pesquisa Agropecuaria do Piaui
_wF01 BR8704607
_gTeresina, PI (Brasil), 1984. p. 276-296
909 _a202404
_bLucia
_c55
_dLucia Elande
942 _cAM
_2AGRIS
999 _c318341
_d318341